Histoire de l'astronomie au dix-huitième siècle / (Record no. 48479)

MARC details
000 -LEADER
campo de control de longitud fija 00669nam a22002055i 4500
001 - NÚMERO DE CONTROL
campo de control 48479
003 - IDENTIFICADOR DE NÚMERO DE CONTROL
campo de control ES-MaACL
005 - FECHA Y HORA DE LA ÚLTIMA TRANSACCIÓN
campo de control 20250721144330.0
007 - CAMPO FIJO DE DESCRIPCIÓN FÍSICA--INFORMACIÓN GENERAL
campo de control de longitud fija t|
008 - DATOS DE LONGITUD FIJA--INFORMACIÓN GENERAL
campo de control de longitud fija 950720s1827 fr ||||1| fre d
040 ## - FUENTE DE CATALOGACIÓN
Centro catalogador/agencia de origen CAM
Lengua de catalogación spa
Centro/agencia transcriptor CAM
100 1# - ENTRADA PRINCIPAL--NOMBRE DE PERSONA
Nombre de persona Delambre, Jean-Baptiste-Joseph.
9 (RLIN) 43307
245 10 - MENCIÓN DEL TÍTULO
Título Histoire de l'astronomie au dix-huitième siècle /
Mención de responsabilidad, etc. par M. Delambre...; publiée par M. Mathieu.
260 ## - PUBLICACIÓN, DISTRIBUCIÓN, ETC.
Lugar de publicación, distribución, etc. Paris :
Nombre del editor, distribuidor, etc. Bachelier,
Fecha de publicación, distribución, etc. 1827.
300 ## - DESCRIPCIÓN FÍSICA
Extensión LII, 796 p., [1] h. de grab., [3] h. de lám. pleg. ;
Dimensiones 27 cm.
650 #7 - PUNTO DE ACCESO ADICIONAL DE MATERIA--TÉRMINO DE MATERIA
Término de materia o nombre geográfico como elemento de entrada Astronomía
Fuente del encabezamiento o término embne
9 (RLIN) 10386
700 1# - ENTRADA AGREGADA--NOMBRE PERSONAL
Nombre de persona Mathieu, Claude-Louis.
9 (RLIN) 79043
852 ## - LOCALIZACIÓN
Ubicación ES-MaACL
Número de control de estantería F-4007
Holdings
Estatus retirado Estado de pérdida Estado de daño No para préstamo Colección Biblioteca de origen Biblioteca actual Ubicación en estantería Fecha de adquisición Fuente de adquisición Total de préstamos Signatura topográfica completa Código de barras Visto por última vez Precio de reemplazo Tipo de ítem Koha
        Libros del s. XIX Biblioteca del Ateneo de Madrid Biblioteca del Ateneo de Madrid Depósito 2 17/01/2008     F-4007 1051017 23/02/2023 23/02/2023 Libro impreso antiguo